01557nam a2200265Ia 4500001000600000003000900006008004100015040001300056040001300069041001300082100001100095100002900106245005500135245005500190250001100245260000900256260002800265260004900293300004300342500080000385650002801185650003101213700001801244700002901262E9382IT-RoPAU130308s9999 xx 000 0 und d aIT-RoPAU cIT-RoPAU aITALIANO aAA.VV. gCodice Aut. SPICS: 12000 aLuc Besson. L'iniziazione, i sentimenti e la forma bLuc Besson. L'Iniziazione, I sentimenti e la Forma a1a ed. aROMA bSorbini Stefano Editore c1997 [1° Ed.:1997 - Ed.Ling.Originale:1997] a"160 p. (prefazione: no ; testo: 160)" aMonografia del regista Francese Luc Besson, che Ha Esordito a 21 Anni (Piu' giovane in Assoluto) ed è L'Alfiere della Nuova Cinematografia Visionaria Europea. ricostruzione del suo Percorso e Analisi Approfondita del suo Cinema Amato Soprattutto Dalle nuove Generazioni. Note biografiche del Regista. interviste a cura di Marco Martani con Il regista che parla dei Suoi Film e della Sua Esperienza Cinematografica. Antologia Critica a cura di Andrea Taglacozzo. Schede e recensioni dei Suoi Film: le Dernier Combat, Subway,Le grand Bleu, Nikita, Atlantis, Leon, Il quinto Elemento (Le Cinquieme Element). Alieno in un Mondo di Alieni di Federico Chiacchiari. Il Gioco e Ilrito di Luciano Barisone. Note sull'attore Jean Reno e Sul Musicista Eric Serra. Filmografia e Videografia. Bibliografia. aAUTORI/OPERE DEL CINEMA eCodice materia Spics: 6807 aMartani Marco gCodice Aut. SPICS: 26823